| 000 | 00690cam a2200265 4500 | ||
|---|---|---|---|
| 001 | J89993 | ||
| 008 | 090401t1998 xxu||||| |||| 00| 0 eng d | ||
| 035 | _a(Sirsi) u84443 | ||
| 041 | _aeng | ||
| 050 | _a333.335 | ||
| 110 |
_aSavills _92020 |
||
| 245 | _aAgricultural research briefing. - No. 10 (February 1998) - No. 13 (December 1998) | ||
| 260 |
_aLondon _bSavills _c1998 |
||
| 300 | _a4 pt. ; 30cm. | ||
| 350 | _a0 | ||
| 520 | _aThe firm is now known as FDPSavills. | ||
| 650 | _aCAP PAYMENTS | ||
| 650 | _aFARM INCOMES | ||
| 650 | _aFARM LAND | ||
| 650 | _aLAND PRICES | ||
| 690 | _aRURAL PRACTICE | ||
| 710 |
_aFDPSavills _93644 |
||
| 942 | _n0 | ||
| 948 | _c24/02/1998 | ||
| 999 |
_c96943 _d96943 |
||